Bytový dom

Saved in:
Bibliographic Details
Main Author: Ehrenwald, Pavel (Author)
Other Authors: Jakeš, Erik (Thesis advisor)
Format: Manuscript Book
Language:Slovak
Published: 2025
Subjects:
Online Access:http://is.stuba.sk/zp/portal_zp.pl?podrobnosti=168244
CRZP
Tags: Add Tag
No Tags, Be the first to tag this record!

MARC

LEADER 00000ntm a22000003a 4500
001 stuzp105001
003 SK-STU
005 20250722145052.2
007 ta
008 150427s2015----xo-----f-mn---000-0-slo-d
040 |a STU  |b slo 
041 0 |a slo 
100 1 |a Ehrenwald, Pavel  |u 010180  |4 aut  |U SvF Stavebná fakulta  |T SvF Katedra konštrukcií pozemných stavieb  |X 115577  |U V180  |Y 18  |7 115577 
242 0 1 |a Residential building  |y eng 
245 1 0 |a Bytový dom 
260 |c 2025 
650 4 |a prevetrávaná vzduchová medzera  |2 slo 
650 4 |a Stupava  |2 slo 
650 4 |a železobetón  |2 slo 
650 4 |a bytový dom  |2 slo 
650 4 |a fóliová hydroizolácia  |2 slo 
650 4 |a hliník  |2 slo 
650 4 |a reinforced concrete  |2 eng 
650 4 |a ventilated air cavity  |2 eng 
650 4 |a Stupava  |2 eng 
650 4 |a apartment building  |2 eng 
650 4 |a waterproofing membrane  |2 eng 
650 4 |a aluminum  |2 eng 
700 1 |a Jakeš, Erik  |u 010180  |k Z1  |4 ths  |U SvF Stavebná fakulta  |T SvF Katedra konštrukcií pozemných stavieb  |X 2701  |U V180  |Y 18  |7 A000002701 
856 4 |u http://is.stuba.sk/zp/portal_zp.pl?podrobnosti=168244 
856 4 |u https://opac.crzp.sk/?fn=detailBiblioForm&sid=C9A1C75A261DD259FD80451E26A3  |z CRZP